000 nam a22 7a 4500
999 _c329245
_d329245
003 ASAB
005 20170428130525.0
008 170428b xxu||||| |||| 00| 0 eng d
020 _a978-93-80179-13-1
040 _cASAB
082 _a613.1
245 _aFood and nutrition
_cby Don Ross
260 _aJaipur.
_bOxford Book company.
_c2010.
300 _a286 P.
942 _2ddc
_cBK